Turfgrass management

Сохранить в:
Библиографические подробности
Главный автор: Turgeon, A. J.
Формат:
Язык:Undetermined
Опубликовано: New Jersey Pearson Prentice Hall 2005
Предметы:
Метки: Добавить метку
Нет меток, Требуется 1-ая метка записи!
Thư viện lưu trữ: Trung tâm Học liệu Trường Đại học Cần Thơ
LEADER 00506nam a2200193Ia 4500
001 CTU_93841
008 210402s9999 xx 000 0 und d
020 |c 89.40 
082 |a 635.9642 
082 |b T936 
100 |a Turgeon, A. J. 
245 0 |a Turfgrass management 
245 0 |c A. J. Turgeon 
260 |a New Jersey 
260 |b Pearson Prentice Hall 
260 |c 2005 
650 |a Turf management,Turfgrasses 
904 |i Tuyến 
980 |a Trung tâm Học liệu Trường Đại học Cần Thơ